Víceslovné předložky v současné češtine
| Titel: | Víceslovné předložky v současné češtine / Renata Blatná |
|---|---|
| Verfasser: | |
| Ausgabe: | Vyd. 1. |
| Veröffentlicht: | Praha : Nakl. Lidové Noviny [u.a.], 2006 |
| Umfang: | 351 S. : graph. Darst. |
| Format: | Buch |
| Sprache: | Tschechisch |
| Schriftenreihe/ mehrbändiges Werk: |
Studie z korpusové lingvistiky ; 3 |
| RVK-Notation: |
·
|
| ISBN: | 8071068659 ; 9788071068655 |
| Hinweise zum Inhalt: |
Inhaltsverzeichnis
|
| Lokale Klassifikation: | 23 10 B |
|---|
alg: 21859123
001A $03004:03-12-09
001B $01999:03-06-23 $t04:40:02.000
001C $03004:03-12-09 $t10:01:41.000
001D $03004:17-02-10
001U $0utf8
001X $00
002@ $0Aau
003@ $0218591233
003O $0180909802 $aOCoLC
004A $080-7106-865-9 $A978-80-7106-865-5
007A $0218591233 $aHEB
007G $0DE0207F2FCC41AC4D8C32C12579B4003BEC29
009P $qapplication/pdf $A2 $3Inhaltsverzeichnis $uhttp://scans.hebis.de/HEBCGI/show.pl?21859123_toc.pdf $mV:DE-603;B:DE-Mb50
010@ $acze
011@ $a2006
021A $aVíceslovné předložky v současné češtine $hRenata Blatná
028A $#Novotná, Renata $7143080660 $8Blatná, Renata$Z1959- [Tp3] $9229686230
032@ $aVyd. 1.
033A $pPraha $nNakl. Lidové Noviny {[u.a.]
034D $a351 S.
034M $agraph. Darst.
036E $aStudie z korpusové lingvistiky $l3
036F $x13 $8Studie z korpusové lingvistiky $9186520921 $l3
041A $RWestslawische Sprachen $#Czech language $#Tchèque (langue) $#Lingua ceca $#Lengua checa $#Tschechisch $#Tschechische Sprache $74061084-6 $8Tschechisch [Ts1] $9085169617
041A/01 $RAdposition $RAmbiposition $#Prepositions $#Grammar, Comparative and general Prepositions $#Prépositions $#Preposizioni $#Preposición $#Verhältniswort $#Präpositionen $74047008-8 $8Präposition [Ts1] $9085131156
041A/02 $RLexem $RPhraseologie $#Mehrgliedriges Lexem $#Multi-word unit $#Multi-word lexem $#Mehrwortfolge Lexikografie $#Wortfolge Lexikografie $#Mehrwortbegriff $#Mehrwort-Lexem $74655985-1 $8Mehrworteinheit [Ts1] $9100749569
045F $a400 $eDDC23BSB
045F/01 $a400
045F/03 $g4371
045Z $8KR 1036 [Tkv] $9409306827
045Z $8KR 1875 [Tkv] $9409308099
lok: 21859123 24
101B $017-02-10 $t14:00:30.000
101C $017-02-10
101U $0utf8
145Z/01 $a23 10 B
exp: 21859123 24 1 #EPN
201B/01 $017-02-10 $t14:00:30.000
201C/01 $003-12-09
201U/01 $0utf8
203@/01 $0585259259
208@/01 $a17-02-10 $bz
209A/01 $a09.7962 $du $f050 $h09 7962 $x00
209C/01 $a09.7962 K $h09 7962 K
209G/01 $a72574800 $x00
220C/01 $akon
247C/01 $8358050-7 Marburg, Bibliothek des Herder-Instituts Marburg $9102600961
lok: 21859123 25
exp: 21859123 25 1 #EPN
201B/01 $004-08-25 $t11:20:12.000
201C/01 $030-06-22
201U/01 $0utf8
203@/01 $01203920601
208@/01 $a21-09-22 $bzii
209A/01 $aG 61-5-B55 $dd $f075 $x00
209C/01 $a22/596 Slavistik
209G/01 $a77538270 $x00
209G/01 $aSlavistik $x01
247C/01 $8651075-9 <77/075>Mainz, Universität Mainz, Bereichsbibliothek Philosophicum, Standort Slavistik $9102600244
| LEADER | 00000cam a2200000 c 4500 | ||
|---|---|---|---|
| 001 | 218591233 | ||
| 003 | DE-603 | ||
| 005 | 20230603044002.0 | ||
| 007 | tu | ||
| 008 | 091203s2006 xx |||| | u00||u|cze c | ||
| 020 | |a 8071068659 | ||
| 020 | |a 9788071068655 | ||
| 035 | |a (DE-599)HEB218591233 | ||
| 035 | |a (OCoLC)180909802 | ||
| 040 | |a DE-603 |b ger |c DE-603 |d DE-603 | ||
| 041 | |a cze | ||
| 082 | 0 | 4 | |8 1\u |a 400 |q DE-101 |2 23/BSB |
| 084 | |a KR 1036 |0 (DE-625)83220: |0 (DE-603)409306827 |2 rvk | ||
| 084 | |a KR 1875 |0 (DE-625)83347: |0 (DE-603)409308099 |2 rvk | ||
| 085 | |8 1\u |b 400 | ||
| 085 | |8 1\u |z 2 |s 4371 | ||
| 100 | 1 | |a Blatná, Renata |d 1959- |0 (DE-603)229686230 |0 (DE-588)143080660 |2 gnd | |
| 245 | 0 | 0 | |a Víceslovné předložky v současné češtine |c Renata Blatná |
| 250 | |a Vyd. 1. | ||
| 264 | 1 | |a Praha |b Nakl. Lidové Noviny [u.a.] |c 2006 | |
| 300 | |a 351 S. |b graph. Darst. | ||
| 490 | 1 | |a Studie z korpusové lingvistiky |v 3 | |
| 650 | 7 | |a Tschechisch |0 (DE-588)4061084-6 |0 (DE-603)085169617 |2 gnd | |
| 650 | 7 | |a Präposition |0 (DE-588)4047008-8 |0 (DE-603)085131156 |2 gnd | |
| 650 | 7 | |a Mehrworteinheit |0 (DE-588)4655985-1 |0 (DE-603)100749569 |2 gnd | |
| 830 | 0 | |t Studie z korpusové lingvistiky |v 3 |w (DE-603)186520921 |w (DE-600)2295779-0 |9 13 |7 as | |
| 856 | 4 | 2 | |m V:DE-603;B:DE-Mb50 |q application/pdf |u http://scans.hebis.de/HEBCGI/show.pl?21859123_toc.pdf |3 Inhaltsverzeichnis |
| 924 | 0 | |9 Mb 50 |a (DE-603)585259259 |b DE-Mb50 |c HES |d c |g 09.7962 | |
| 924 | 0 | |9 77/075 |a (DE-603)1203920601 |b DE-77-075 |c HES |d d |g G 61-5-B55 | |


